Eurovision 2021 - Votes du public pour la France đŸ‡«đŸ‡· - Statistiques

Statistiques générales
  • Ce quiz a Ă©tĂ© pris 55 fois
  • Le rĂ©sultat moyen est 65 sur 160
Statistiques - réponses
Question Tuile Select % Correct
12 points ? (4) Non
88%
12 points ? (4) Non
88%
12 points ? (4) Non
85%
12 points ? (4) Non
81%
12 points ? (4) Non
77%
12 points ? (4) Non
77%
12 points ? (4) Non
71%
12 points ? (4) Non
71%
12 points ? (4) Oui
65%
12 points ? (4) Non
65%
12 points ? (4) Oui
60%
12 points ? (4) Non
56%
12 points ? (4) Oui
54%
10 points ? (4) Non
54%
8 points ? (5) Non
54%
7 points ? (4) Non
54%
12 points ? (4) Non
52%
10 points ? (4) Non
52%
7 points ? (4) Non
52%
10 points ? (4) Non
50%
10 points ? (4) Non
50%
8 points ? (5) Non
50%
8 points ? (5) Non
50%
8 points ? (5) Non
50%
7 points ? (4) Non
50%
5 points ? (5) Non
50%
1 point ? (1) Non
50%
1 point ? (1) Non
50%
1 point ? (1) Non
50%
1 point ? (1) Non
50%
12 points ? (4) Non
48%
10 points ? (4) Non
48%
10 points ? (4) Non
48%
10 points ? (4) Non
48%
7 points ? (4) Non
48%
7 points ? (4) Non
48%
3 points ? (3) Non
48%
3 points ? (3) Non
48%
3 points ? (3) Non
48%
2 points ? (2) Non
48%
2 points ? (2) Non
48%
2 points ? (2) Non
48%
2 points ? (2) Non
48%
1 point ? (1) Non
48%
1 point ? (1) Non
48%
1 point ? (1) Non
48%
1 point ? (1) Non
48%
10 points ? (4) Non
46%
10 points ? (4) Non
46%
10 points ? (4) Non
46%
8 points ? (5) Non
46%
8 points ? (5) Non
46%
7 points ? (4) Non
46%
5 points ? (5) Non
46%
5 points ? (5) Non
46%
5 points ? (5) Non
46%
4 points ? (2) Non
46%
4 points ? (2) Non
46%
3 points ? (3) Non
46%
3 points ? (3) Non
46%
2 points ? (2) Non
46%
2 points ? (2) Non
46%
2 points ? (2) Non
46%
1 point ? (1) Non
46%
1 point ? (1) Non
46%
1 point ? (1) Non
46%
1 point ? (1) Non
46%
10 points ? (4) Non
44%
10 points ? (4) Non
44%
8 points ? (5) Non
44%
8 points ? (5) Non
44%
7 points ? (4) Non
44%
7 points ? (4) Non
44%
7 points ? (4) Non
44%
6 points ? (8) Non
44%
6 points ? (8) Non
44%
5 points ? (5) Non
44%
5 points ? (5) Non
44%
5 points ? (5) Non
44%
4 points ? (2) Non
44%
4 points ? (2) Non
44%
4 points ? (2) Non
44%
4 points ? (2) Non
44%
4 points ? (2) Non
44%
4 points ? (2) Non
44%
4 points ? (2) Non
44%
4 points ? (2) Non
44%
3 points ? (3) Non
44%
3 points ? (3) Non
44%
3 points ? (3) Non
44%
3 points ? (3) Non
44%
2 points ? (2) Non
44%
2 points ? (2) Non
44%
2 points ? (2) Non
44%
2 points ? (2) Non
44%
1 point ? (1) Non
44%
7 points ? (4) Non
42%
7 points ? (4) Non
42%
6 points ? (8) Non
42%
6 points ? (8) Non
42%
5 points ? (5) Non
42%
4 points ? (2) Non
42%
4 points ? (2) Non
42%
3 points ? (3) Non
42%
2 points ? (2) Non
42%
1 point ? (1) Non
42%
8 points ? (5) Non
40%
8 points ? (5) Non
40%
7 points ? (4) Non
40%
6 points ? (8) Non
40%
4 points ? (2) Non
40%
3 points ? (3) Non
40%
2 points ? (2) Non
40%
6 points ? (8) Non
38%
5 points ? (5) Non
38%
5 points ? (5) Non
38%
3 points ? (3) Non
38%
1 point ? (1) Non
38%
5 points ? (5) Non
35%
3 points ? (3) Non
35%
8 points ? (5) Non
33%
12 points ? (4) Oui
31%
6 points ? (8) Non
31%
6 points ? (8) Non
31%
8 points ? (5) Oui
29%
4 points ? (2) Non
29%
10 points ? (4) Oui
27%
6 points ? (8) Oui
27%
3 points ? (3) Oui
25%
10 points ? (4) Oui
23%
6 points ? (8) Oui
23%
5 points ? (5) Oui
23%
5 points ? (5) Oui
23%
3 points ? (3) Oui
23%
2 points ? (2) Non
23%
8 points ? (5) Oui
21%
7 points ? (4) Oui
21%
10 points ? (4) Oui
19%
8 points ? (5) Oui
19%
7 points ? (4) Oui
19%
6 points ? (8) Oui
19%
10 points ? (4) Oui
17%
8 points ? (5) Oui
17%
8 points ? (5) Oui
17%
6 points ? (8) Oui
17%
6 points ? (8) Oui
17%
5 points ? (5) Oui
17%
6 points ? (8) Oui
15%
6 points ? (8) Oui
15%
5 points ? (5) Oui
15%
5 points ? (5) Oui
15%
7 points ? (4) Oui
13%
7 points ? (4) Oui
13%
6 points ? (8) Oui
13%
4 points ? (2) Oui
13%
4 points ? (2) Oui
13%
2 points ? (2) Oui
13%
2 points ? (2) Oui
13%
1 point ? (1) Oui
10%
3 points ? (3) Oui
8%
Aucun quiz correspondant
Distribution des résultats
% des personnes avec chaque résultat
Percentile par nombre de réponses
Votre historique - résultats
Vous n’avez pas pris ce quiz